Economía 1
Saved in:
| Hovedforfatter: | |
|---|---|
| Format: | Bog |
| Sprog: | spansk |
| Udgivet: |
Madrid
Algaida
1999
|
| Serier: | Bachillerato Logse
|
| Fag: | |
| Tags: |
Tilføj Tag
Ingen Tags, Vær først til at tagge denne postø!
|
MARC
| LEADER | 00000nam a2200000 a 4500 | ||
|---|---|---|---|
| 001 | UCO6971 | ||
| 003 | CL-VaPUC | ||
| 008 | 001103e19990000SP |||||||||||||||||spa|d | ||
| 082 | 0 | 4 | |a 330 |b GUT |2 21 |
| 100 | 0 | |a Gutiérrez Fernández, Arturo |e author |9 451574 | |
| 245 | 1 | 0 | |a Economía 1 |
| 300 | |a 245 p | ||
| 942 | |c BK | ||
| 945 | |d 20001103 00:00:00 |a vberengu | ||
| 260 | |a Madrid |b Algaida |c 1999 | ||
| 650 | 0 | |a Administración de empresas |9 260833 | |
| 650 | 0 | |a Costos |9 261063 | |
| 650 | 0 | |a Crecimiento económico |9 314037 | |
| 650 | 0 | |a Desarrollo económico y social |9 256320 | |
| 650 | 0 | |a Mercados |9 338624 | |
| 650 | 0 | |a Mercado financiero |9 334172 | |
| 650 | 0 | |a Oferta y demanda |9 255571 | |
| 650 | 0 | |a Precios |9 260787 | |
| 650 | 7 | |a SISTEMAS ECONOMICOS |2 CL-VaPUC |9 451575 | |
| 583 | |a last modification |c 20001103 00:00:00 |k Rodrigo Vera | ||
| 490 | 0 | |a Bachillerato Logse | |
| 999 | |c 292206 |d 292204 | ||
| 952 | |0 0 |1 0 |4 0 |6 330_000000000000000_GUT_1999 |7 0 |8 A |9 342891 |a BIBHIS |b BIBHIS |d 2019-11-20 |i 3664325 |o 330 GUT 1999 |p 3664325 |r 2025-01-20 |w 2019-11-20 |y BK |k HIS | ||